000 00917nam a22002417a 4500
999 _c20378
_d20378
003 AR-CdUCM
008 190517b ||||| |||| 00| 0 spa d
040 _aMUNICIPALIDAD PROVINCIAL DEL CUSCO
_cBIBLIOTECA MUNICIPAL DEL CUSCO
082 _a382.04 /
_bEL42
100 _aEllis, Howard S.
_940721
245 _aEnsayos sobre teoría del comercio internacional /
260 _aMéxico :
_bFondo de cultura económica,
_c1953.
300 _a558 páginas ;
_c25 cm.
440 _nSección de obras de economía
_96499
505 _aContenido : Equilibrio de la balanza de pagos -- Tipos de cambio extranjero -- Teoría De las transferencias de ingreso y las reparaciones..
650 _aEquilibrio monetario
_942613
650 _aAnálisis comercial
_942614
650 _aTransferencias
_926859
700 _aMetzler, Lloyd A.
_942615
700 _aUrquidi, Victor L.
_99018
942 _2ddc
_cLIBROS
945 _arcc